|
|
|
|
| LEADER |
00000nab a22000007a 4500 |
| 001 |
vtls009180545 |
| 003 |
SK-MaSNL |
| 005 |
20260303204343.0 |
| 008 |
080204|2008 xo || || |00 0|slo |
| 038 |
|
|
|a NZKAB
|
| 040 |
|
|
|a NZKAB
|c slo
|e AACR2
|
| 041 |
0 |
|
|a slo
|a hun
|
| 044 |
|
|
|a xo
|c SK
|
| 080 |
|
|
|a 630*86
|2 2001
|
| 080 |
|
|
|a 657.442
|2 2001
|
| 245 |
0 |
0 |
|a Výsledky za december a rok 2007
|
| 500 |
|
|
|a Blok obsahuje 5 článkov od rôznych autorov
|
| 610 |
2 |
7 |
|a Smurfit Kappa (Štúrovo, Slovensko)
|2 nzkab
|9 274977
|
| 610 |
2 |
7 |
|a Smurfit Kappa Obaly (Štúrovo, Slovensko)
|2 nzkab
|9 1050612
|
| 610 |
2 |
7 |
|a ICOPAL (Štúrovo, Slovensko)
|2 nzkab
|9 133459
|
| 610 |
2 |
7 |
|a MONARFLEX (Štúrovo, Slovensko)
|2 nzkab
|9 1050613
|
| 610 |
2 |
7 |
|a MCEIT Slovensko
|2 nzkab
|9 1050614
|
| 648 |
|
7 |
|a 2007
|2 nzkab
|9 313226
|
| 650 |
0 |
7 |
|a papierenský priemysel
|2 nzkab
|9 58727
|
| 650 |
0 |
7 |
|a hospodárske výsledky
|2 nzkab
|9 70310
|
| 651 |
|
7 |
|a Štúrovo (Slovensko)
|2 nzkab
|9 27957
|
| 700 |
1 |
|
|a Radošická, Monika,
|t Smurfit Kappa Štúrovo, a.s.
|4 aut
|9 1052602
|
| 700 |
1 |
|
|a Skutová, Erika,
|t Smurfit Kappa Obaly Štúrovo, a.s.
|4 aut
|9 1048645
|
| 700 |
1 |
|
|a Hromádková, Agneša,
|t ICOPAL a.s.
|4 aut
|9 1048646
|
| 700 |
1 |
|
|a Páldiová, Adriana,
|t MONARFLEX, s.r.o.
|4 aut
|9 1048647
|
| 700 |
1 |
|
|a Tóthová, Linda,
|t MCEIT Slovensko, s.r.o.
|4 aut
|9 1048648
|
| 773 |
0 |
|
|t Kontakty
|g Roč. 34, č. 1 (2008), s. 2
|
| 958 |
|
|
|a HS
|
| 999 |
|
|
|c 2189643
|d 2191573
|